| 000 | 00550nam a22002057a 4500 | ||
|---|---|---|---|
| 003 | OSt | ||
| 005 | 20251010162053.0 | ||
| 008 | 251010b |||||||| |||| 00| 0 eng d | ||
| 020 | _a0748710574 | ||
| 040 | _cMUST | ||
| 082 |
_24th _a657 HAR 1987 |
||
| 100 |
_aHarris Peter _919465 |
||
| 245 | _aAccounting in the hotel and catering industry | ||
| 260 |
_aLondon _bRedwood Books Ltd _c1987 |
||
| 300 |
_a218p. : _bill.: _c23cm |
||
| 504 | _aincludes index | ||
| 650 | _2Accounting | ||
| 700 | _4Peter Harris and Peter Hazzard | ||
| 942 |
_2ddc _cO_SHELF |
||
| 999 |
_c9563 _d9563 |
||